000
00267nam a2200133Ia 4500
100
_a
Manjunath/ T.C.
942
_c
BK
654
_a
robotic
245
_a
Robotics
260
_b
H.N. Publications
_c
2000
082
_a
629.892
_b
MAN
546
_a
ENGLISH
999
_c
30109
_d
30109